| 000 | 00724nam a2200241Ia 4500 | ||
|---|---|---|---|
| 001 | 9576 | ||
| 003 | GE_BSU | ||
| 008 | 181216s||||||||xx |||||||||||||| ||und|| | ||
| 020 | _a9992884908 | ||
| 040 | _cGE_BSU | ||
| 080 | _a821.353.1–1 | ||
| 100 | _aმჟავია,ქსენია | ||
| 245 | _aგამთენიისას | ||
| 245 | _bლექსები | ||
| 245 | _cრედ.ჯემალ სურმანიძე.მხატვ.გურამ გუჯაბიძე | ||
| 260 | _aბათუმი | ||
| 260 | _bაჭარა | ||
| 260 | _c2001 | ||
| 300 | _a144გვ.28სმ. | ||
| 653 | _aგამთენიისას | ||
| 653 | _aლექსები | ||
| 942 | _cBK | ||
| 999 |
_c42868 _d42868 |
||